2014 NASCAR Sprint Cup Drivers - Statistics

General Stats
  • This quiz has been taken 336 times
  • The average score is 37 of 66
Answer Stats
Hint Answer % Correct
4 Kevin Harvick
95%
18 Kyle Busch
95%
41 Kurt Busch
94%
3 Austin Dillon
93%
10 Danica Patrick
91%
24 Jeff Gordon
91%
5 Kasey Kahne
91%
11 Denny Hamlin
90%
48 Jimmie Johnson
89%
1 Jamie McMurray
87%
22 Joey Logano
87%
14 Tony Stewart
87%
20 Matt Kenseth
86%
2 Brad Keselowski
85%
88 Dale Earnhardt Jr.
84%
15 Clint Bowyer
81%
99 Carl Edwards
77%
16 Greg Biffle
76%
31 Ryan Newman
76%
42 Kyle Larson
74%
78 Martin Truex Jr.
72%
17 Ricky Stenhouse Jr.
72%
13 Casey Mears
71%
21 Trevor Bayne
71%
83 Ryan Truex
70%
12 Ryan Blaney
69%
9 Marcos Amrbose
68%
27 Paul Menard
68%
43 Aric Almirola
67%
34 David Ragan
67%
77 Dave Blaney
66%
95 Michael McDowell
64%
55 Brian Vickers
63%
47 AJ Allmendinger
61%
66 Michael Waltrip
58%
23 Alex Bowman
56%
33 Bobby Labonte
52%
38 David Gilliland
51%
32 Terry Labonte
51%
29 Joe Nemechek
47%
66 Jeff Burton
44%
98 Josh Wise
43%
12 Juan Pablo Montoya
43%
26 Cole Whitt
42%
51 Justin Allgaier
41%
11 Sam Hornish Jr.
41%
30 JJ Yeley
40%
44 JJ Yeley
40%
7 Michael Annett
39%
40 Landon Cassill
38%
33 Brian Scott
32%
35 David Reutimann
32%
36 Reed Sorenson
30%
33 Timmy Hill
30%
66 Timmy Hill
30%
32 Travis Kvapil
30%
30 Parker Kligerman
24%
33 David Stremme
22%
93 Mike Bliss
14%
32 Boris Said
12%
66 Brett Moffitt
12%
87 Morgan Shepherd
10%
32 Blake Koch
9%
35 Blake Koch
9%
33 Alex Kennedy
7%
66 Tomy Drissi
5%
No matching quizzes found
Score Distribution
Percent of People with Each Score
Percentile by Number Answered
Your Score History
You have not taken this quiz